000 00555nam a2200181Ia 4500
008 090630s9999 xx 000 0 und d
082 _b28905
100 _aकणेकर शिरिष.
245 _aकणेकरायण.
_cकणेकर शिरिष.
260 _bदिलीप.
_c2008
300 _a340
600 _aकणेकर शिरिष.
630 _aकणेकरायण.
655 _aलघुकथा.
700 _aकणेकर शिरिष.
730 _aकणेकरायण.
942 _cBOOK
999 _c280761
_d280761